| 000 | 01136nam a2200169Ia 4500 | ||
|---|---|---|---|
| 008 | 090711s9999 xx 000 0 und d | ||
| 082 | _b146 | ||
| 100 | _aSाक्रपाणी मीरा / शिंदे प्राSाी / कुलकर्णी नलि | ||
| 245 | _aजादुSां अक्षयपात्र/जादुगार शतकेपट आणि विव्य तलवार / भुताने | ||
| 260 |
_bअमोल प्रकाशन _c1998 |
||
| 300 | _a16+16+16 | ||
| 600 | _aSाक्रपाणी मीरा / शिंदे प्राSाी / कुलकर्णी नलि | ||
| 630 | _aजादुSां अक्षयपात्र/जादुगार शतकेपट आणि विव्य तलवार / भुताने | ||
| 700 | _aSाक्रपाणी मीरा / शिंदे प्राSाी / कुलकर्णी नलि | ||
| 730 | _aजादुSां अक्षयपात्र/जादुगार शतकेपट आणि विव्य तलवार / भुताने | ||
| 942 | _cBOOK | ||
| 999 |
_c328305 _d328305 |
||